00414 2200157 4500001002100000008004100021035002000062245003700082100001700119260005400136020002200190084001400212082000800226650001000234990001200244INLIS000000000003347 ind  a0010-0226000013 aVeritas 1 ( Komik )cYun Jun Sik aSik, Yun Jun aJakartabPT. Elex Media Komputindo Gramediac2013 a978-602-02-0932-6 a741 SIK m a741 aKomik a0754523